000 00328 a2200145 4500
001 177453
020 _a
040 _cMagnum
100 _aPinto,frances Rodrigues
240 1 0 _aA viagem de preguicinha
_lpor
245 1 0 _aA viagem de preguicinha
362 0 _a1899
697 _aMAGNITO: I/AVENTURA, CRIANCAS
942 _cBK
999 _c177453
_d177453